000 00724cab a2200253 4500
001 WB2917-32
008 090401t1993 xxu||||| |||| 00| 0 eng d
035 _a(Sirsi) u18120
041 _aeng
245 _aAlienation rights and valuation
260 _c1993
350 _a0
490 _aCSW - The Property Week
_v43(6) 6 May 1993, 67(1)
520 _aDiscusses the effect of the removal of privity of contract and alienation rights on the valuation of commercial property.
650 _aALIENATION RIGHTS
650 _aASSIGNMENT
650 _aBANK LENDING
650 _aLEASES
650 _aPRIVITY OF CONTRACT
650 _aVALUE
690 _aRATING AND VALUATION
942 _n0
948 _c04/03/1997
999 _c12016
_d12016